Countries Ending in 'ia' Quiz Stats

 Plays Quiz Updated Feb 13, 2019

     
Support Sporcle.
Go Orange.
Score 0/39 Timer 06:00
7 Plays Today
Country % Correct
Australia
83.4%
India
79.5%
Russia
76.9%
Austria
76%
Albania
75.2%
Latvia
74.4%
Lithuania
73.7%
Algeria
71.6%
Romania
70.9%
Slovakia
70.9%
Indonesia
70.4%
Bulgaria
70.3%
Estonia
70.2%
Slovenia
67.8%
Armenia
66.2%
Croatia
65.3%
Serbia
65.3%
Nigeria
65.1%
Bolivia
64.9%
Zambia
64%
Country % Correct
Czechia
62.3%
Colombia
62%
Tanzania
61.6%
Namibia
60.9%
Malaysia
60.5%
Ethiopia
60.2%
Somalia
59.4%
Cambodia
59.2%
Mongolia
58.3%
Tunisia
57.3%
Liberia
56%
Georgia
55.8%
Saudi Arabia
55.7%
Syria
55.4%
North Macedonia
54.7%
The Gambia
51.6%
Mauritania
50.6%
Micronesia
41.9%
St. Lucia
34.7%

From the Vault

Easter Egg Logic Puzzle

by mansteel

The best way to use logic is to not have any of it at all.
Remove Ads.
Support Sporcle.
Get the best of Sporcle when you Go Orange. This ad-free experience offers more features, more stats, and more fun while also helping to support Sporcle. Thank you for becoming a member.

Show Comments

Extras

Top Quizzes Today


Score Distribution

Your Account Isn't Verified!

In order to create a playlist on Sporcle, you need to verify the email address you used during registration. Go to your Sporcle Settings to finish the process.

Report this User

Report this user for behavior that violates our Community Guidelines.

Details: